000 01253nam a2200313 i 4500
003 EG-GICUC
005 20260121101453.0
008 251212s1986 ua ||||fr|||| 00| 0 ara d
040 _a EG-GICUC
_bara
_c EG-GICUC
_d EG-GICUC
_erda
041 0 _aara
082 0 4 _221
_a345.436
_bأ ح . ح
092 0 4 _221
099 _aLaw1 07 345.436 أ ح . ح 1986
100 0 _aأحمد شوقي محمد
_eمؤلف.
245 1 2 _aالحركة النقابية للموظفين العموميين في مصر :
_b(دراسة قانونية مقارنة) /
_cد / أحمد شوقي محمد.
264 1 _aالقاهرة :
_bعالم الكتب،
_c1986.
300 _a210 ؛صفحة
_c24 سم.
336 _2rda content
_atext
337 _2rda media
_aComputer
338 _2rda carrier
_aOnline Resource
504 _a.206-200ببليوجرافيا: صفحات
504 _aيشتمل على إرجاعات ببليوجرافية.
546 _aالنص أغلبه باللغة العربية بعض النصوص الإنجليزية والفرنسية
650 1 4 _aالعمل النقابي
650 1 4 _aالقانون الإداري
856 4 0 _uhttps://fll.law.cu.edu.eg/fulltext/bks/B07-01482.pdf
905 _a32
942 _2ddc
_cBK
_e21
_n0
999 _c49901
_d49901